Score 0/14 Timer 02:00
6 Plays Today
% Correct
lamp
97.9%
damp
97.9%
camp
95.9%
ramp
94.6%
cramp
92.4%
clamp
90.9%
tramp
90.1%
% Correct
stamp
90.1%
tamp
87.2%
vamp
86.3%
champ
86%
samp
74.6%
scamp
71%
gramp
64.1%
Remove Ads.
Support Sporcle.
Get the best of Sporcle when you Go Orange. This ad-free experience offers more features, more stats, and more fun while also helping to support Sporcle. Thank you for becoming a member.

You're not logged in!

Compare scores with friends on all Sporcle quizzes.
OR
Log In

Show Comments

Extras

Top Quizzes Today


Score Distribution

Your Account Isn't Verified!

In order to create a playlist on Sporcle, you need to verify the email address you used during registration. Go to your Sporcle Settings to finish the process.

Report this User

Report this user for behavior that violates our Community Guidelines.

Details: